000
00285nam a2200109Ia 4500
008
200302s9999 xx 000 0 und d
100
_a
Hugh Barton, & Others
245
_a
Shaping Neighbourhoods 2nd ed.
260
_b
Routledge Taylor & Francis Group
260
_c
2010
300
_a
326 P.,
999
_c
2797
_d
2797